000 00639cam a2200205 a 4500
020 _a0471826243
082 0 _a625.7
_bWRI
100 1 _aWright, Paul H.
_97049
245 1 0 _aHighway engineering /
_cPaul H. Wright, Radnor J. Paquette.
250 _a5th ed.
260 _aNew York :
_bWiley,
_cc1987.
300 _ax, 717 p., [2] p. of plates :
_bill.,maps ;
_c25 cm.
526 _a0
_b0
_c0
_d625_700000000000000_WRI
526 _a0
_b0
_c0
_d625_700000000000000_WRI
526 _a0
_b0
_c0
_d625_700000000000000_WRI
650 0 _aHighway engineering.
650 0 _aMCE
_9379
700 1 _aPaquette, Radnor Joseph.
_943601
942 _2ddc
_cBK
999 _c547400
_d547400